| 000 | 00890nam a2200229 a 4500 | ||
|---|---|---|---|
| 008 | 120217s2007 ||||||||||||||||| || u | ||
| 020 | _a9780340925607 | ||
| 050 | _aRC 87.9 Non | ||
| 100 | _aSimonds, Anita K | ||
| 245 | 1 | 0 |
_aNon-invasive respiratory support: a practical handbook. -- 3rd ed. _cedited by Anita K. Simonds |
| 250 | _a3rd ed. | ||
| 260 |
_aLondon: _bEdward Arnold _c2007 |
||
| 300 | _axiii, 370p.: ill. | ||
| 350 | _a0.00 | ||
| 500 | _aBibliography | ||
| 650 | _aARTIFICIAL RESPIRATION--EQUIPMENT AND SUPPLIES | ||
| 650 | _aARTIFICIAL RESPIRATION--METHODOLOGY | ||
| 650 | _aVENTILATORS, MECHANICAL | ||
| 650 | _aRESPIRATION, ARTIFICIAL--METHODS | ||
| 650 | 0 | _aRESPIRATORY THERAPY | |
| 995 |
_aMEDICAL LIBRARY OPEN ACCESS _e901537 _FCBU-SCHOOL OF MEDICINE LIBRARY (Ndola) _I0.00 _jRC 87.9 Non _M1 _UAVAILABLE _WJun 28, 2012 _y901537 _ZMedical Library Open Access Collection |
||
| 999 |
_c32181 _d32181 |
||